[Event "Agneaux St Lo op-B 08th"]
[Site "Agneaux"]
[Date "2004.02.17"]
[Round "5"]
[White "Lesage, Thierry"]
[Black "Bollard, Maxime"]
[Result "0-1"]
[WhiteElo "1499"]
[BlackElo "1730"]
[PlyCount "94"]
[EventDate "2004.02.14"]
[EventType "swiss"]
[EventRounds "7"]
[EventCountry "FRA"]
[SourceTitle "EXT 2005"]
[Source "ChessBase"]
[SourceDate "2004.11.15"]
[SourceVersion "1"]
[SourceVersionDate "2004.11.15"]
[SourceQuality "1"]

1. d4 e6 2. c4 d5 3. Nc3 Nf6 4. Nf3 Nbd7 5. a3 c6 6. Bg5 Qc7 7. e3 Be7 8. Qc2 0-0 9. Bd3 h6 10. Bh4 dxc4 11. Bxc4 e5 12. Bg3 Bd6 13. 0-0 Re8 14. dxe5 Nxe5 15. Nxe5 Bxe5 16. Bxe5 Qxe5 17. Be2 Bf5 18. Qb3 b6 19. Bf3 Rac8 20. Qb4 c5 21. Qh4 Rcd8 22. Bc6 Re6 23. Bd5 Rxd5 24. Nxd5 Nxd5 25. Qd8+ Re8 26. Qh4 b5 27. Rfe1 Nf6 28. b4 c4 29. f4 Qc3 30. Qf2 Ng4 31. Qg3 Rxe3 32. Rxe3 Qxe3+ 33. Qxe3 Nxe3 34. Kf2 Nc2 35. Ra2 f6 36. h3 Kf7 37. Ke2 Ke6 38. Kd2 Kd5 39. a4 Nxb4 40. Ra3 a6 41. axb5 axb5 42. Ra7 g5 43. fxg5 fxg5 44. g4 Be4 45. Re7 Na2 46. Ra7 c3+ 47. Kd1 c2+ 0-1

[Event "Agneaux St Lo op-B 08th"]
[Site "Agneaux"]
[Date "2004.02.16"]
[Round "3"]
[White "Lesage, Thierry"]
[Black "Durand, Denis"]
[Result "1-0"]
[WhiteElo "1499"]
[BlackElo "1720"]
[PlyCount "61"]
[EventDate "2004.02.14"]
[EventType "swiss"]
[EventRounds "7"]
[EventCountry "FRA"]
[SourceTitle "EXT 2005"]
[Source "ChessBase"]
[SourceDate "2004.11.15"]
[SourceVersion "1"]
[SourceVersionDate "2004.11.15"]
[SourceQuality "1"]

1. d4 Nf6 2. c4 e5 3. Bg5 exd4 4. Qxd4 Be7 5. Bxf6 Bxf6 6. Qd2 0-0 7. g3 c6 8. Bg2 Na6 9. e3 d6 10. Ne2 Be6 11. Na3 Qb6 12. 0-0-0 Nc5 13. Qc2 Rfd8 14. Rd2 Rac8 15. e4 Na6 16. Qb3 Qc5 17. Nf4 Nb4 18. Nxe6 fxe6 19. f4 Bd4 20. Kb1 a5 21. Nc2 Nxc2 22. Qxc2 Qa7 23. Rhd1 e5 24. Rd3 a4 25. Bh3 Rb8 26. c5 Qxc5 27. Qxc5 Bxc5 28. fxe5 Kf8 29. exd6 Rd7 30. e5 Rf7 31. e6 1-0